Novo's handbook of practical biotechnology edited by C. O. L. Boyce

Saved in:
Bibliografiske detaljer
Hovedforfatter: Boyce, C. O. L (Author)
Format: Bog
Sprog:engelsk
Udgivet: Bagsvaerd Novo Industri 1986
Fag:
Tags: Tilføj Tag
Ingen Tags, Vær først til at tagge denne postø!

MARC

LEADER 00000nam a2200000 a 4500
001 UCV3734
003 CL-VaPUC
008 910814e19860000DK |||||||||||||||||eng|d
082 0 4 |a 660.6  |b BOY  |2 21 
100 0 |a Boyce, C. O. L  |e author  |9 298055 
245 1 0 |a Novo's handbook of practical biotechnology edited by C. O. L. Boyce 
300 |a 125 p 
942 |c BK 
945 |d 19910814 00:00:00 
260 |a Bagsvaerd  |b Novo Industri  |c 1986 
650 0 |a Biotecnología   |9 259561 
583 |a last modification  |c 19910814 00:00:00  |k Rodrigo Vera 
999 |c 210872  |d 210870 
952 |0 0  |1 0  |4 0  |6 660_600000000000000_BOY_1986  |7 0  |8 A  |9 187813  |a BIBALI  |b BIBALI  |c GEN  |d 2019-11-14  |i 2553376  |o 660.6 BOY 1986  |p 2553376  |r 2025-01-20  |w 2019-11-14  |y BK  |k ALI